Fr. Conceicao Rodrigues College of Engineering

man's Eternal Quest (Record no. 25473)

MARC details
000 -LEADER
fixed length control field 00251nam a2200121Ia 4500
100 ## - MAIN ENTRY--PERSONAL NAME
Personal name Paramahansa Yogananda
245 ## - TITLE STATEMENT
Title man's Eternal Quest
260 ## - PUBLICATION, DISTRIBUTION, ETC.
Name of publisher, distributor, etc. Abhijit prakashan
Date of publication, distribution, etc. 1982
300 ## - PHYSICAL DESCRIPTION
Extent 492
546 ## - LANGUAGE NOTE
Language note ENGLISH
942 ## - ADDED ENTRY ELEMENTS (KOHA)
Koha item type BOOK
Holdings
Withdrawn status Lost status Damaged status Not for loan Collection Home library Current library Date acquired Total Checkouts Full call number Barcode Date last seen Price effective from Koha item type
        CRC Fr. Agnel's C.Rodrigues College of Engineering Fr. Agnel's C.Rodrigues College of Engineering 17/03/2023   23882 17/03/2023   BOOK